[Event "Budapest FS12 Nadassy"]
[Site "Budapest"]
[Date "2022.12.04"]
[Round "2"]
[White "Poh, Xuan Rui Ethan"]
[Black "Farago, Sandor"]
[Result "1/2-1/2"]
[WhiteElo "1995"]
[BlackElo "2103"]
[PlyCount "98"]
[EventDate "2022.12.03"]
[EventType "schev"]
[EventRounds "9"]
[EventCountry "HUN"]
[SourceTitle "EXT 2024"]
[Source "ChessBase"]
[SourceDate "2023.10.10"]
[SourceVersion "1"]
[SourceVersionDate "2023.10.10"]
[SourceQuality "1"]
[WhiteTeam "B Team Lower Elo"]
[BlackTeam "A Team Higher Elo"]
[WhiteTeamCountry "HUN"]
[BlackTeamCountry "HUN"]

1. e4 c5 2. Nf3 d6 3. Bb5+ Nd7 4. a4 a6 5. Be2 Ngf6 6. Nc3 g6 7. a5 Bg7 8. 0-0 0-0 9. d3 b5 10. axb6 Qxb6 11. Ra2 Bb7 12. b3 e5 13. Nd2 Qc7 14. Nc4 Nb6 15. Bg5 Nxc4 16. bxc4 h6 17. Bd2 Kh7 18. Qa1 Rfb8 19. Rb1 Bc8 20. Rb3 Rxb3 21. cxb3 Bb7 22. Qc1 Bc6 23. Ra3 Qb7 24. Qa1 Ne8 25. Na2 f5 26. f3 Nc7 27. Qe1 Ne6 28. Nc3 Nd4 29. Bd1 Qf7 30. Ne2 fxe4 31. Nxd4 exd4 32. fxe4 Bb7 33. Ra2 Rf8 34. Bc1 Qe7 35. Qg3 Be5 36. Qh3 h5 37. Rf2 Bc8 38. g4 Rxf2 39. Kxf2 Kg7 40. Kg1 Qe6 41. Qh4 Bf6 42. Bg5 Bxg5 43. Qxg5 hxg4 44. Kg2 Qf6 45. Qxf6+ Kxf6 46. Kg3 Kg5 47. Be2 a5 48. Bd1 Bd7 49. Be2 Be6 1/2-1/2

[Event "Penang op 10th"]
[Site "Penang"]
[Date "2018.12.05"]
[Round "4"]
[White "Muminova, Nafisa"]
[Black "Poh, Xuan Rui Ethan"]
[Result "1-0"]
[WhiteElo "2324"]
[BlackElo "2004"]
[PlyCount "83"]
[EventDate "2018.12.03"]
[EventType "swiss"]
[EventRounds "9"]
[EventCountry "MAS"]
[SourceTitle "CBM 187 Extra"]
[Source "ChessBase"]
[SourceDate "2018.11.04"]
[SourceVersion "1"]
[SourceVersionDate "2018.11.04"]
[SourceQuality "1"]

1. e4 g6 2. d4 Bg7 3. Nf3 d6 4. Nc3 Nc6 5. Be3 Bg4 6. Qd2 a6 7. d5 Nb8 8. Nd4 c5 9. dxc6 bxc6 10. h3 Bc8 11. Bc4 Nf6 12. Bh6 0-0 13. Bxg7 Kxg7 14. 0-0-0 Bb7 15. e5 Ne8 16. Bxf7 Nc7 17. e6 Ne8 18. h4 Qa5 19. h5 g5 20. h6+ Kh8 21. Rh5 Nf6 22. Rxg5 c5 23. Nb3 Qb4 24. Rg3 Qh4 25. Rh3 Qg4 26. f3 Bxf3 27. Rxf3 Nc6 28. Qf4 Ne5 29. Qxg4 Nfxg4 30. Rf4 Nxh6 31. Nd5 Ra7 32. Bh5 Rb8 33. Rdf1 Kg7 34. g4 Rab7 35. g5 Ng8 36. Rf7+ Nxf7 37. Rxf7+ Kh8 38. Be2 Rb4 39. Nxb4 Rxb4 40. c4 Rb8 41. Bd3 Rf8 42. Rxh7# 1-0

[Event "Penang op 10th"]
[Site "Penang"]
[Date "2018.12.05"]
[Round "5"]
[White "Poh, Xuan Rui Ethan"]
[Black "Ong, Yi Herng Joel"]
[Result "1-0"]
[WhiteElo "2004"]
[BlackElo "1801"]
[PlyCount "79"]
[EventDate "2018.12.03"]
[EventType "swiss"]
[EventRounds "9"]
[EventCountry "MAS"]
[SourceTitle "CBM 187 Extra"]
[Source "ChessBase"]
[SourceDate "2018.11.04"]
[SourceVersion "1"]
[SourceVersionDate "2018.11.04"]
[SourceQuality "1"]

1. e4 e5 2. Nf3 Nc6 3. d4 exd4 4. Bc4 Nf6 5. Ng5 d5 6. exd5 Qe7+ 7. Kf1 Ne5 8. Qxd4 Nxc4 9. Qxc4 Qc5 10. Qxc5 Bxc5 11. Nc3 Bf5 12. Bf4 Rc8 13. Re1+ Kf8 14. Re2 Bb4 15. Be5 Bxc3 16. Bxc3 Nxd5 17. Re5 Be6 18. Nxe6+ fxe6 19. Rxe6 Nxc3 20. bxc3 Kf7 21. Re3 Rhe8 22. Ke2 c5 23. Rd1 Rxe3+ 24. Kxe3 Ke6 25. g4 Rc6 26. Rb1 b6 27. Rd1 b5 28. Rb1 a6 29. a4 Rb6 30. Ke4 c4 31. axb5 axb5 32. Kd4 Rd6+ 33. Ke3 Rd5 34. f4 Kf6 35. h4 h5 36. Ke4 Rd2 37. g5+ Kf7 38. Rxb5 Rxc2 39. Rb7+ Kf8 40. Kf5 1-0

[Event "Penang op-A 9th"]
[Site "Penang"]
[Date "2017.12.05"]
[Round "3"]
[White "Iqra, Moesa Putra"]
[Black "Poh, Xuan Rui Ethan"]
[Result "1/2-1/2"]
[WhiteElo "2091"]
[BlackElo "1814"]
[PlyCount "126"]
[EventDate "2017.12.04"]
[EventType "swiss"]
[EventRounds "9"]
[EventCountry "MAS"]
[SourceTitle "CBM 182 Extra"]
[Source "ChessBase"]
[SourceDate "2018.02.23"]
[SourceVersion "1"]
[SourceVersionDate "2018.02.23"]
[SourceQuality "1"]

1. Nf3 Nf6 2. d4 e6 3. Bf4 d5 4. e3 Nh5 5. Be5 f6 6. Bg3 Nxg3 7. hxg3 Qe7 8. Nc3 Bd7 9. Bd3 Nc6 10. Bg6+ Kd8 11. Bd3 Qf7 12. Be2 Bb4 13. Qd2 Ke7 14. a3 Ba5 15. Bb5 Bb6 16. Na4 Rae8 17. Nxb6 cxb6 18. 0-0-0 Kd8 19. Kb1 Kc8 20. Bd3 Kb8 21. e4 Ka8 22. exd5 exd5 23. Qf4 h6 24. c3 g5 25. Qd2 Rc8 26. Rde1 Na5 27. Qc2 Nc4 28. Nd2 Nd6 29. Qb3 Be6 30. Ka1 Rc6 31. Qd1 Rcc8 32. g4 Qd7 33. f3 Qf7 34. Nf1 Nc4 35. Bxc4 Rxc4 36. Ne3 Rcc8 37. Qd3 Rce8 38. Nf5 Qg6 39. Qb1 Bd7 40. Rxe8+ Bxe8 41. Ng3 Qg7 42. Qc1 Bg6 43. Qd2 Kb8 44. Re1 Qd7 45. Nf1 h5 46. gxh5 Bxh5 47. Ne3 f5 48. Rh1 Rh7 49. g4 fxg4 50. Nxg4 Bxg4 51. Rxh7 Qxh7 52. fxg4 Qh4 53. Qg2 Qe1+ 54. Ka2 Qe6 55. Qh2+ Kc8 56. Qh8+ Kd7 57. Qg7+ Qe7 58. Qg8 Kc6 59. Qc8+ Kd6 60. Qb8+ Kc6 61. Qc8+ Kd6 62. Qb8+ Kc6 63. Qc8+ Kd6 1/2-1/2

[Event "Penang op 8th"]
[Site "Penang"]
[Date "2016.12.06"]
[Round "3"]
[White "Poh, Xuan Rui Ethan"]
[Black "Khandhar, Kaushal"]
[Result "0-1"]
[WhiteElo "1647"]
[BlackElo "2006"]
[PlyCount "87"]
[EventDate "2016.12.05"]
[EventType "swiss"]
[EventRounds "9"]
[EventCountry "MAS"]
[SourceTitle "CBM 176 Extra"]
[Source "ChessBase"]
[SourceDate "2017.03.02"]
[SourceVersion "1"]
[SourceVersionDate "2017.03.02"]
[SourceQuality "1"]

1. Nf3 Nf6 2. b3 g6 3. Bb2 Bg7 4. e3 d6 5. d4 Bg4 6. Be2 0-0 7. c4 c6 8. Nbd2 Qc7 9. h3 Bxf3 10. Nxf3 Nbd7 11. Qc2 a5 12. 0-0 Rfe8 13. Nd2 e5 14. dxe5 dxe5 15. Ba3 Rad8 16. e4 Bf8 17. Bxf8 Nxf8 18. Rfe1 N6d7 19. Bg4 Nc5 20. h4 h5 21. Bh3 Nd3 22. Re3 Nf4 23. Rae1 Qe7 24. c5 N8e6 25. Bxe6 Nxe6 26. g3 Qxc5 27. Rc3 Qa7 28. Qc1 Kg7 29. Kg2 f6 30. a4 Rd7 31. Nf1 Red8 32. f4 Qd4 33. Rc4 Qd6 34. f5 gxf5 35. exf5 Qd5+ 36. Kh3 Nd4 37. Ne3 Qe4 38. Rf1 Kg8 39. Rc5 Rg7 40. Rc3 Rxg3+ 41. Kxg3 Ne2+ 42. Kh3 Nxc1 43. Rfxc1 Qf3+ 44. Kh2 0-1